UK by Picture - W - Statistics

General Stats
  • This quiz has been taken 67 times
  • The average score is 14 of 20
Answer Stats
Picture Hint Answer % Correct
Country Wales
100%
Tennis Tournament Wimbledon
98%
Alcoholic Beverage Whisky
91%
Fictional Character Winnie-the-Pooh
89%
King William the Conqueror
86%
Singer Amy Winehouse
84%
Stadium Wembley Stadium
84%
Clay Animation Wallace & Gromit
80%
Scottish Rebel Leader William Wallace
79%
Sea Cliffs White Cliffs of Dover
77%
Football Club Wolverhampton Wanderers F.C.
75%
Football Club West Ham United F.C.
68%
Royal Residence Windsor Castle
68%
Footwear Wellington Boots
63%
Children's Books Where's Wally?
59%
Band The Who
57%
Poet William Wordsworth
48%
Food Welsh Rarebit
41%
Lake Windermere
41%
County Warwickshire
39%
No matching quizzes found
Score Distribution
Percent of People with Each Score
Percentile by Number Answered
Your Score History
You have not taken this quiz